All Fairy Type moves - Statistics

General Stats
  • This quiz has been taken 11 times
  • The average score is 12 of 31
Answer Stats
Description Answer % Correct
The user damages opposing Pokémon by emitting a powerful flash. Dazzling Gleam
83%
The user stirs up a fairy wind and strikes the target with it. Fairy Wind
83%
The user plays rough with the target and attacks it. This may also lower the target's Attack stat. Play Rough
83%
The user stares at the target with its baby-doll eyes, which lowers its Attack stat. This move always goes first. Baby-Doll Eyes
67%
The user gazes at the target rather charmingly, making it less wary. This harshly lowers its Attack stat. Charm
67%
The user steals the target's HP with a kiss. The user's HP is restored by over half of the damage taken by the target. Draining Kiss
67%
The user absorbs energy and sharply raises its Sp. Atk, Sp. Def, and Speed stats on the next turn. Geomancy
67%
This protects Pokémon on the ground from status conditions and halves damage from Dragon-type moves for five turns. Misty Terrain
67%
Borrowing the power of the moon, the user attacks the target. This may also lower the target's Sp. Atk stat. Moonblast
67%
The user restores its own HP. The amount of HP regained varies with the weather. Moonlight
67%
The user kisses the target with a sweet, angelic cuteness that causes confusion. Sweet Kiss
67%
The user raises the Sp. Def stat of an ally Pokémon by using a mysterious aroma. Aromatic Mist
50%
Letting out a charming cry, the user does emotional damage to opposing Pokémon. This attack never misses. Disarming Voice
50%
The user restores the target's HP by up to half of its max HP. It restores more HP when the terrain is grass. Floral Healing
33%
The user, the Land Spirit Pokémon, obtains Alola's energy using its Z-Power and attacks the target with full force. This reduces the target's HP greatly. Guardian of Alola
33%
The user attacks the target with so much force that it could break the target's spirit. This also lowers the target's Sp. Atk stat. Spirit Break
33%
The user creates a very charming space using its Z-Power and totally toys with the target. The power varies, depending on the original move. Twinkle Tackle
33%
The user protects itself and its allies from status moves with a mysterious power. This does not stop moves that do damage. Crafty Shield
17%
The user sharply raises the target's Attack and Sp. Atk stats by decorating the target. Decorate
17%
By locking down the battlefield, the user keeps all Pokémon from fleeing during the next turn. Fairy Lock
17%
The user unleashes a strong beam. The attack's recoil harshly lowers the user's Sp. Atk stat. Fleur Cannon
17%
After obtaining Z-Power, the user, Mimikyu, punches the target with full force. Let's Snuggle Forever
17%
This is a Fairy-type attack Dynamax Pokémon use. The user turns the ground into Misty Terrain for five turns. Max Starfall
17%
The user attacks everything around it and faints upon using this move. This move's power is increased on Misty Terrain. Misty Explosion
17%
The user attacks the target by emitting steam. This may also confuse the target. Strange Steam
17%
The user raises the Defense stat of all Grass-type Pokémon in battle with a mysterious power. Flower Shield
0%
A Fairy-type attack that Gigantamax Alcremie use. This move heals the HP of allies. G-Max Finale
0%
A Fairy-type attack that Gigantamax Hatterene use. This move confuses opponents. G-Max Smite
0%
Drawing power from the Eternal Flower, the user fires a powerful beam of light. This also damages the user quite a lot. Light of Ruin
0%
The user hits the target with the force of nature. It halves the target's HP. Nature's Madness
0%
The user attacks the target by wrapping it with a whirlwind of an overpowering scent. This also heals all status conditions of the user’s party. Sparkly Swirl
0%
No matching quizzes found
Score Distribution
Percent of People with Each Score
Percentile by Number Answered
Your Score History
You have not taken this quiz